| 000 | 00761nam a2200289Ia 4500 | ||
|---|---|---|---|
| 008 | 160803s9999 xx 000 0 und d | ||
| 020 | _a9780439321037 | ||
| 100 | _aNichols, Catherine | ||
| 245 | _aHarriet Tubman / | ||
| 245 | _cby Catherine Nichols ; illustrated by Brian Denington. | ||
| 260 | _aNew York : | ||
| 260 | _bScholastic Inc. | ||
| 260 | _c2002 | ||
| 300 | _a1 volume (unpaged) : | ||
| 300 | _bcolor illustrations ; | ||
| 300 | _c23 cm. | ||
| 440 | _aHello reader!, | ||
| 440 | _vLevel 2. | ||
| 500 | _a"Cartwheel books." | ||
| 650 | _aAfrican Americans -- | ||
| 650 | _aSlaves. | ||
| 650 | _aTubman, Harriet, -- 1820?-1913. | ||
| 650 | _aWomen -- | ||
| 650 | _xBiography. | ||
| 650 | _xBiography. | ||
| 700 | _a280 | ||
| 999 |
_c299062 _d299062 |
||